Introducción a la teoría de los errores
Saved in:
| Hovedforfatter: | |
|---|---|
| Format: | Bog |
| Sprog: | spansk |
| Udgivet: |
Buenos Aires
E.T.H.A
1962
|
| Fag: | |
| Tags: |
Tilføj Tag
Ingen Tags, Vær først til at tagge denne postø!
|
MARC
| LEADER | 00000nam a2200000 a 4500 | ||
|---|---|---|---|
| 001 | UCV7970 | ||
| 003 | CL-VaPUC | ||
| 008 | 900319e19620000AG |||||||||||||||||spa|d | ||
| 082 | 0 | 4 | |a 511.43 |b BEE |2 21 |
| 100 | 0 | |a Beers, Yardley |e author |9 302066 | |
| 245 | 1 | 0 | |a Introducción a la teoría de los errores |
| 300 | |a 81 p | ||
| 942 | |c BK | ||
| 945 | |d 19900319 00:00:00 | ||
| 260 | |a Buenos Aires |b E.T.H.A |c 1962 | ||
| 650 | 0 | |a Análisis de error |x Matemáticas |9 265863 | |
| 583 | |a last modification |c 19900319 00:00:00 |k Rodrigo Vera | ||
| 999 | |c 213567 |d 213565 | ||
| 952 | |0 0 |1 0 |4 0 |6 511_430000000000000_BEE_1962 |7 0 |8 P |9 196060 |a BIBARQ |b BIBARQ |d 2019-11-14 |i 2640139 |o 511.43 BEE 1962 |p 2640139 |r 2025-01-20 |w 2019-11-14 |y BK |k ARQ | ||